Principles of Marketing 19/e

Salvato in:
Dettagli Bibliografici
Autore principale: Kotler
Natura: Libro
Pubblicazione: Pearson Education
Tags: Aggiungi Tag
Nessun Tag, puoi essere il primo ad aggiungerne!!

MARC

LEADER 00000nam a2200000Ia 4500
005 20260513122051.0
020 |a 9789357055215 
100 |a Kotler 
365 |c Rs. 
365 |b 25.00 
942 |c BK 
245 |a Principles of Marketing 19/e 
260 |b Pearson Education 
999 |c 46  |d 46 
952 |0 0  |1 0  |4 0  |7 0  |a UNSW  |b UNSW  |d 2026-05-06  |g 1090.00  |i 16683  |l 0  |p 000008  |r 2026-05-13 12:20:51  |v 1090.00  |w 2026-05-13  |y BK